| 000 | 00424cam a2200181ua 4500 | ||
|---|---|---|---|
| 020 | _c16.25 | ||
| 041 |
_aeng _h |
||
| 082 |
_a551.48 _bMEI/HY |
||
| 100 | _aMeinzer, Oscar E. | ||
| 245 | 0 | 0 |
_aHydrology / _cOscar E Meinzer. _hTextual Documents |
| 250 |
_a1 / _b. |
||
| 260 |
_aNew York : _bDover Publications , _c1942. |
||
| 300 | _a712 ; . | ||
| 365 | _a16.25 | ||
| 504 | _a | ||
| 942 | _cBK | ||
| 999 |
_c226 _d226 |
||